| 000 | 01423cad a22002415a 4500 | ||
|---|---|---|---|
| 001 | L142377 | ||
| 008 | 080211e20080207xxkdo f s 000 0 eng d | ||
| 035 | _a(Sirsi) u142377 | ||
| 041 | 0 | _aeng | |
| 050 | 0 | 4 | _a627.1 $2 18 |
| 110 | 1 |
_aUnited Kingdom _bDepartment for Communities and Local Government _94939 |
|
| 245 | 0 | 0 |
_aFuture water _bthe government's water strategy for England _h[electronic resource] |
| 260 |
_aLondon _bDCLG _c2008 |
||
| 520 | _aPresents the Government's vision and plans for the water sector up to 2030. Examines ways of minimising waste and predicting demand, increasing supply according to the national strategy, improving water quality in the natural environment, enhancing surface water drainage and protecting against flooding. Outlines the likelihood of minimum water efficiency specifications being included in Building Regulations. The National Policy Statement is set out in the current Planning Bill (L141526). Sets out the case for water metering and announces forthcoming consultations. | ||
| 521 | 2 | _aAdvanced | |
| 590 | _aKA NTK | ||
| 650 | 2 | 4 | _aPLANNING BILL 2007-08 |
| 651 | 4 |
_aEngland _y886- |
|
| 690 | _aENVIRONMENTAL AND LAND CONSULTANCY-WATER RESOURCE MANAGEMENT | ||
| 690 | _aPROPERTY-RURAL AND NATURAL ASSETS-WATER RESOURCES | ||
| 856 | 4 | 0 |
_uhttps://www.defra.gov.uk/environment/water/strategy/index.htm _zView the item free of charge at www.defra.gov.uk... |
| 942 | _n0 | ||
| 999 |
_c107872 _d107872 |
||